00418nam a2200169Ia 4500003000400000008004100004040001600045082001300061100001900074245004000093260003600133300000900169490003500178650000900213650001300222650001300235GCL140319s9999 xx 000 0 eng d aGCL / cGCL04a759bB V1 aBOSQUET, ALAIN10aVINCENT VAN GOGH / cBOSQUET, ALAIN a[S.N] : bEDITIONS DE VERGEURES a56 P aL'ECOLE DES GRANDS PEINTRESv004aARTS04aPAINTING04aVAN GOGH